000 01512nam a2200373Ia 4500
001 ebr10748546
003 CaPaEBR
006 m o u
007 cr cn|||||||||
008 051219s2006 pauab sb 001 0 eng d
010 _z 2005058484
020 _z0812219430 (pbk. : alk. paper)
020 _z9780812219432
020 _z9780812204087
040 _aCaPaEBR
_cCaPaEBR
035 _a(OCoLC)859160946
050 1 4 _aF158.3
_b.C66 2006eb
082 0 4 _a974.8/11
_222
100 1 _aConn, Steven.
245 1 0 _aMetropolitan Philadelphia
_h[electronic resource] :
_bliving with the presence of the past /
_cSteven Conn.
260 _aPhiladelphia :
_bUniversity of Pennsylvania Press,
_cc2006.
300 _a274 p. :
_bill., maps.
490 0 _aMetropolitan portraits
504 _aIncludes bibliographical references (p. 253-263) and index.
533 _aElectronic reproduction.
_bPalo Alto, Calif. :
_cebrary,
_d2013.
_nAvailable via World Wide Web.
_nAccess may be limited to ebrary affiliated libraries.
650 0 _aHuman geography
_zPennsylvania
_zPhiladelphia Region.
650 0 _aMiddle class
_zPennsylvania
_zPhiladelphia Region.
651 0 _aPhiladelphia (Pa.)
_xCivilization.
651 0 _aPhiladelphia (Pa.)
_xSocial conditions.
651 0 _aPhiladelphia (Pa.)
_xHistory.
655 7 _aElectronic books.
_2local
710 2 _aebrary, Inc.
856 4 0 _uhttp://site.ebrary.com/lib/rucke/Doc?id=10748546
_zAn electronic book accessible through the World Wide Web; click to view
999 _c113321
_d113321